Statistics for Best selling cars around the world

Click here to take the quiz!

General Stats

  • This quiz has been taken 96 times
    (62 since last reset)
  • The average score is 5 of 25

Answer Stats

Years soldEstimated Production UnitsCar CompanyCar Model% Correct
1908-1927Estimated 16.5 millionFordModel T
68%
1938-2003Estimated 21.5 millionVolkswagenBeetle
66%
1998-2012Estimated 8 millionPeugeot206/206+
39%
1948-1990Estimated 8.8 millionCitroën2CV
38%
1959-2000Estimated 5.5 millionBritish Motor Company (BMC)Mini
38%
1957-1991Estimated 3.1 millionAn East German Car CompanyTrabant (all versions)
34%
1961-1992Estimated 8 millionRenault4
32%
1961-1990Estimated 11.9 millionOldsmobileCutlass
29%
1971-1980Estimated 1.1 millionMorrisMarina
27%
1959-2005Estimated 6 millionBuickLeSabre
21%
1982-2005Estimated 6 millionChevroletCavalier
21%
1963-2003Estimated 10.5 millionMazdaFamilia/Protegé/323
18%
1973-2006Estimated 4 millionPontiacGrand Am
16%
1963-1979Estimated 1.5 millionVauxhallViva
16%
1944-1986Estimated 1.8 millionJeepCJ
14%
1973-2000Estimated 4.6 millionFiat126
13%
1978-2002Estimated 1 millionFSOPolonez
13%
1972-1989Estimated 1 millionAlfa RomeoAlfasud
9%
1969-1982Estimated 2.5 millionAutobianchi; sold as a Lancia as wellA112
7%
1974-2000Estimated 2.3 millionPlymouthVoyager
5%
1970-1988Estimated 4.4 millionOpelAscona
5%
1991-2002Estimated 2.2 million (2002 not included.)SaturnS-Series
5%
1974-1993Estimated 2.9 millionVolvo200 Series
4%
1961-1978Estimated 1.9 millionSimca1000
4%
1939-1958Estimated 1.3 millionStudebakerChampion
2%

Score Distribution

Percentile by Number Answered

Percent of People with Each Score

Your Score History

You have not taken this quiz since the last reset